000 00800nam a2200229 i 4500
001 63008
003 ES-MaACL
005 20251003063103.0
007 t|
008 031127s1978 sp ||||1| spa d
100 1 _aFernández de Oviedo, Gonzalo,
_d1478-1557
_949702
245 1 0 _aSumario de la natural y general historia de las Indias /
_cGonzalo Fernández de Oviedo.
260 _aMadrid :
_bEspasa-Calpe,
_c1978.
300 _a16 p., LII fols. ;
_c25 cm.
500 _aReprod. facs. de la ed. de Toledo 1526.
650 _aNaturaleza-
_zAmérica-
_vObras anteriores a 1800.
_9174391
650 4 _aIndios de América-
_vObras anteriores a 1800.
_9157570
655 7 _2tgfbne
_9226495
_aFacsímiles
852 _aES-MaACL
_jA-9688
_bR.98809
942 _2udc
999 _c63008
_d63008